| 000 | 01100cab a2200325 4500 | ||
|---|---|---|---|
| 001 | ABS52765 | ||
| 008 | 090401t1995 xxu||||| |||| 00| 0 eng d | ||
| 035 | _a(Sirsi) u17 | ||
| 041 | _aeng | ||
| 100 | _aEdwards, M. | ||
| 245 | _aRecent decisions - a mixed trio | ||
| 260 | _c1995 | ||
| 350 | _a0 | ||
| 490 |
_aEstates Gazette _v(9515) 15 april 1995, 106-107(2) |
||
| 520 | _aReviews recent planning cases under the headings: breach of condition notices, approval of reserved matters and local plan inquiries. | ||
| 650 | _aGREEN BELT | ||
| 650 | _aOBJECTIONS | ||
| 650 | _aPLANNING AND COMPENSATION ACT 1991 S2 | ||
| 650 | _aPLANNING PERMISSION | ||
| 650 | _aR V EALING LBC EX P ZAINUDDAIN | ||
| 650 | _aST GEORGE DEVELOPMENTS LTD V SOS ENVIRONMENT | ||
| 650 | _aSWAN HILL DEVELOPMENTS LTD V SOUTHEND ON SEA BC | ||
| 650 | _aTOWN AND COUNTRY PLANNING ACT 1990 S187(A) | ||
| 650 | _aTOWN AND COUNTRY PLANNING ACT 1990 S287 | ||
| 650 | _aTOWN AND COUNTRY PLANNING ACT 1990 S54 | ||
| 690 | _aPLANNING LAW AND PRACTICE | ||
| 700 | _aMartin, J. | ||
| 942 | _n0 | ||
| 948 | _c04/03/1997 | ||
| 999 |
_c6 _d6 |
||